| 000 | 00904cab a2200217 4500 | ||
|---|---|---|---|
| 001 | L136440 | ||
| 008 | 070131n2006 000 0 eng u | ||
| 035 | _a(Sirsi) u136440 | ||
| 041 | 0 | _aeng | |
| 245 | 0 | 0 |
_aPlanning _ba capital investment _bfrom global to local, from plan to delivery |
| 260 | _c2006 | ||
| 490 | 0 |
_aPlanning _vJune 2006 Supplement, 1-19(6)(LOAN) |
|
| 520 | _aDiscusses London public transport challenges, the unequal distribution of wealth in London, the possibility of the regeneration of East London resulting in other areas being overlooked, how London's hosting of the Olympic Games will affect the Lea Valley area and capital-wide targets for energy saving. | ||
| 590 | _aKA | ||
| 650 | 2 | 4 | _aRTPI PLANNING CONVENTION |
| 650 | 2 | 4 | _aOLYMPIC GAMES 2012 |
| 651 | 4 |
_aUnited Kingdom _y |
|
| 690 |
_aPlanning and development _96259 |
||
| 700 | 1 |
_aJohnston, Bryan _eed |
|
| 942 | _n0 | ||
| 999 |
_c78292 _d78292 |
||